<?xml version="1.0" encoding="UTF-8"?><?xml-stylesheet type="text/xsl" href="static/style.xsl"?><OAI-PMH xmlns="http://www.openarchives.org/OAI/2.0/" xmlns:xsi="http://www.w3.org/2001/XMLSchema-instance" xsi:schemaLocation="http://www.openarchives.org/OAI/2.0/ http://www.openarchives.org/OAI/2.0/OAI-PMH.xsd"><responseDate>2026-04-14T18:27:45Z</responseDate><request verb="GetRecord" identifier="oai:uvadoc.uva.es:10324/25366" metadataPrefix="marc">https://uvadoc.uva.es/oai/request</request><GetRecord><record><header><identifier>oai:uvadoc.uva.es:10324/25366</identifier><datestamp>2021-06-29T17:31:38Z</datestamp><setSpec>com_10324_38</setSpec><setSpec>col_10324_852</setSpec></header><metadata><record xmlns="http://www.loc.gov/MARC21/slim" xmlns:doc="http://www.lyncode.com/xoai" xmlns:xsi="http://www.w3.org/2001/XMLSchema-instance" xmlns:dcterms="http://purl.org/dc/terms/" xsi:schemaLocation="http://www.loc.gov/MARC21/slim http://www.loc.gov/standards/marcxml/schema/MARC21slim.xsd">
<leader>00925njm 22002777a 4500</leader>
<datafield tag="042" ind1=" " ind2=" ">
<subfield code="a">dc</subfield>
</datafield>
<datafield tag="720" ind1=" " ind2=" ">
<subfield code="a">Carel Ayuso, Andrea Denis</subfield>
<subfield code="e">author</subfield>
</datafield>
<datafield tag="260" ind1=" " ind2=" ">
<subfield code="c">2017</subfield>
</datafield>
<datafield tag="520" ind1=" " ind2=" ">
<subfield code="a">A lo largo de la historia, y asociado a múltiples factores, sobre todo la expansión&#xd;
territorial, siempre ha habido personas que vivían sin un techo propio,&#xd;
ni permanente, ni seguro. A día de hoy, con el sistema financiero y los&#xd;
regímenes políticos establecidos, es inevitable encontrar gente en la calle.&#xd;
El propósito de este proyecto es mejorar en la medida de lo posible las condiciones&#xd;
de las personas que, por unas razones u otras, necesitan un lugar&#xd;
seguro en el que dormir, y surge como respuesta al escándalo ocurrido en&#xd;
Londres en el año 2014 [1] a raíz de la instalación de pinchos anti-mendigos&#xd;
en el suelo de varios edificios para impedir la estancia de personas que&#xd;
buscaban cobijo</subfield>
</datafield>
<datafield tag="024" ind2=" " ind1="8">
<subfield code="a">http://uvadoc.uva.es/handle/10324/25366</subfield>
</datafield>
<datafield ind1=" " ind2=" " tag="653">
<subfield code="a">Construcciones provisionales</subfield>
</datafield>
<datafield tag="245" ind1="0" ind2="0">
<subfield code="a">Diseño de refugio de emergencia para personas sin hogar integrado en mobiliario urbano multifuncional</subfield>
</datafield>
</record></metadata></record></GetRecord></OAI-PMH>